History Quiz

Random History or Century Quiz

Greek Sculpture: The Fifth Century Quiz Stats

 Plays Quiz not verified by Sporcle

Also try: Biography: F
Challenge
Share
Tweet
Embed
Score 0/21 Timer 15:00
0 Plays Today
Sculpture Date % Correct
Parthenon430
100%
Zeus from Artemision460
92.3%
Riace Warriors460
92.3%
Diadoumenos420
92.3%
Hegeso400
92.3%
Euthydikos' kore490
84.6%
Kritios Boy480
84.6%
Delphi Charioteer474
84.6%
Temple of Zeus at Olympia460
84.6%
Doryphoros440
84.6%
Paionios' Nike420
84.6%
Sculpture Date % Correct
Peplophorus incense burner470
76.9%
Amphirite430-420
76.9%
Little girl with dove stele450
69.2%
Xanthippos stele430-420
69.2%
Cat stele430-420
69.2%
Hippomachus and Callias stele400
69.2%
Apollo at Bassae: frieze400
69.2%
Temple of Aphaia; East Pediment490-480
61.5%
Diskobolos475-450
53.8%
Euphelitus stele440
53.8%

You're not logged in!

Compare scores with friends on all Sporcle quizzes.
Join for Free
OR
Log In

You Might Also Like...

Show Comments

Extras

Created Jun 16, 2012ReportNominate
Tags:Century Quiz, date, fifth, Greek, sculpture

Top Quizzes Today


Score Distribution

Your Account Isn't Verified!

In order to create a playlist on Sporcle, you need to verify the email address you used during registration. Go to your Sporcle Settings to finish the process.

Report this User

Report this user for behavior that violates our Community Guidelines.

Details: